| 000 | 01432nmm a2200517 a 4500 | ||
|---|---|---|---|
| 003 | AR-BaBNM | ||
| 005 | 20251128205941.0 | ||
| 008 | 098019s1996 ||||||||||||||000 | spa|| | ||
| 020 | _a950-07-1130-3 | ||
| 040 | _cAR-BaBNM | ||
| 100 | 1 | _aViñas, David | |
| 245 | 1 | 0 |
_aLiteratura argentina y política _bde Lugones a Walsh. 2 |
| 260 |
_aBuenos Aires _bSudamericana _c1996 |
||
| 300 | 0 | _a222 p. | |
| 600 | 1 | 4 | _aDarío, Rubén |
| 600 | 1 | 4 | _aMitre, Bartolomé |
| 600 | 1 | 4 | _aRoldán, Belisario |
| 600 | 1 | 4 | _aLaferrere, Gregorio De |
| 600 | 1 | 4 | _aLugones, Leopoldo |
| 600 | 1 | 4 | _aRojas, Ricardo |
| 600 | 1 | 4 | _aGálvez, Manuel |
| 600 | 1 | 4 | _aChiaporri, Atilio |
| 600 | 1 | 4 | _aBecher, Emilio |
| 600 | 1 | 4 | _aPayró, Roberto J. |
| 600 | 0 | 4 |
_aAlmafuerte _d1854-1917 |
| 600 | 1 | 4 | _aCarriego, Evaristo |
| 600 | 1 | 4 | _aSánchez, Florencio |
| 600 | 1 | 4 | _aGerchunoff, Alberto |
| 600 | 1 | 4 | _aDiscépolo, Armando |
| 600 | 1 | 4 | _aOlivari, Nicolás |
| 600 | 1 | 4 | _aBarletta, Leónidas |
| 600 | 1 | 4 | _aGonzález Tuñón, Raúl |
| 600 | 1 | 4 | _aMartínez Estrada, Ezequiel |
| 600 | 1 | 4 | _aWalsh, Rodolfo Jorge |
| 650 | 4 | _aLITERATURA ARGENTINA | |
| 650 | 4 | _aHISTORIA ARGENTINA | |
| 650 | 4 | _aCRITICA LITERARIA | |
| 650 | 4 | _aHISTORIA POLITICA | |
| 650 | 4 | _aCULTURAS LITERARIAS | |
| 650 | 4 | _aESCRITORES | |
| 650 | 4 | _aENSAYO | |
| 650 | 4 | _aLITERATURA CONTEMPORANEA | |
| 655 | _aLITERATURA | ||
| 942 | _cBK | ||
| 998 | _cMARTIN | ||
| 999 |
_c13441 _d13441 |
||